Statistics for MCU Movie to Phase Click Quiz

Click here to take the quiz!

General Stats

  • This quiz has been taken 538 times
  • The average score is 22 of 30

Answer Stats

HintAnswer% Correct
Iron ManPhase 1
89%
ThorPhase 1
87%
The Incredible HulkPhase 1
86%
Captain America: The First AvengerPhase 1
84%
Captain America: Winter SoldierPhase 2
82%
Thor: Love and ThunderPhase 4
82%
Doctor Strange in the Multiverse of MadnessPhase 4
82%
EternalsPhase 4
82%
Avengers: Age of UltronPhase 2
79%
Black Panther: Wakanda ForeverPhase 4
79%
Thor: RagnarokPhase 3
78%
Avengers: Infinity WarPhase 3
78%
Shang-Chi and the Legend of the Ten RingsPhase 4
78%
Marvel's The AvengersPhase 1
76%
Guardians of the GalaxyPhase 2
76%
Thor: The Dark WorldPhase 2
75%
Ant-Man and the WaspPhase 3
74%
Captain MarvelPhase 3
73%
Iron Man 3Phase 2
72%
Avengers: EndgamePhase 3
71%
Ant-ManPhase 2
69%
Spider-Man: No Way HomePhase 4
69%
Guardians of the Galaxy Vol. 2Phase 3
68%
Spider-Man: HomecomingPhase 3
68%
Spider-Man: Far From HomePhase 3
67%
Black WidowPhase 4
67%
Black PantherPhase 3
65%
Iron Man 2Phase 1
62%
Captain America: Civil WarPhase 3
53%
Doctor StrangePhase 3
48%

Score Distribution

Percentile by Number Answered

Percent of People with Each Score

Your Score History

You have not taken this quiz